Temas relevantes no direito de energia elťrica Tomo IV

Bibliographic Details
Main Author: da Rocha, Fb̀io Amorim
Format: eBook
Language:Portuguese
Published: Rio de Janeiro: Synergia Editora, 2015
Subjects:
Online Access:Acceso restringido

MARC

LEADER 00000nam a22000007a 4500
005 20190819161733.0
007 cr|||| ||||
008 190819s2019 br |||||s|||| 00||0 por d
020 |a 978-85-68483-16-9 
035 |a 24115 
040 |a vLex 
090 |c 9232  |d 9232 
100 1 |a da Rocha, Fb̀io Amorim 
245 1 0 |a Temas relevantes no direito de energia elťrica  |h [Recurso electrn̤ico] /  |c Fb̀io Amorim da Rocha  |n Tomo IV 
256 |a Servicio en ln̕ea 
260 |a Rio de Janeiro:  |b Synergia Editora,  |c 2015 
300 |a 1 recurso electrn̤ico 
500 |a O setor elťrico evolui a passos largos, seja na tecnologia, seja na legislaȯ̂. Da ̕a importńcia da atualizaȯ̂ trazida por este Tomo IV da sřie Temas Relevantes no Direito de Energia Elťrica, coordenada pelo advogado e professor Fb̀io Amorim da Rocha. Os temas sô desafiadores: perdas comerciais, geraȯ̂ distribud̕a, responsabilidade pelo atraso na entrada em operaȯ̂ de hidrelťricas, entre outros. Alguns estô em plena discussô no ambiente regulatr̤io, outros ainda na porta de entrada das empresas. É reconfortante saber que h ̀advogados especialistas em temas do setor elťrico analisando-os e nos trazendo subsd̕ios. Melhor para o setor, melhor para a sociedade. No direito, sempre h ̀muito a ser discutido, desenvolvido e analisado. O Fb̀io tem expertise e circulaȯ̂ neste ambiente, o que credencia o Tomo IV e todos os demais da sřie.Luiz Fernando Leone ViannaDiretor Presidente da Companhia Paranaense de Energia (Copel) 
506 1 |a Disponible solo en los productos indicados  |d vLex Global  |d vLex Global (Academic Edition, excluding Law Schools)  |d vLex Global (U.S. Academic Edition, Law Schools)  |d vLex Global (U.S. Academic Edition, excluding Law Schools)  |d vLex Global (Academic Edition, Law Schools) 
650 0 4 |a Energa̕  |z Brasil 
650 0 4 |a Electricidad  |z Brasil 
740 0 |a vLex Libros (Servicio en ln̕ea) 
856 4 0 |u http://vlex.com/source/temas-relevantes-no-direito-de-energia-eletrica-tomo-iv-24115  |z Acceso restringido 
942 |c BOOK 
999 0 |a Energy 
999 0 |a Electricity